| 000 | 00826nam a2200229Ia 4500 | ||
|---|---|---|---|
| 999 |
_c41276 _d41276 |
||
| 001 | 7931 | ||
| 003 | GE_BSU | ||
| 005 | 20221003121500.0 | ||
| 008 | 181216s2012ru xx |||||||||||||| ||rus|| | ||
| 020 | _a9785713314095 | ||
| 040 | _cGE_BSU | ||
| 041 | _arus | ||
| 080 | _a81'25(075.8):327 Д-79 | ||
| 100 |
_aДубинин,Ю.В. _914955 |
||
| 245 |
_aМастерство переговоров / _cЮ.В. Дубинин, Ред.О.В.Чхиквишвили |
||
| 264 |
_aМосква : _bМеждународные отношения, _c2012. |
||
| 300 |
_a320 стр.: _bилл; _c21 см. |
||
| 653 | _aМастерство переговоров | ||
| 653 | _aმოლაპარაკების უნარი | ||
| 700 |
_aЧхиквишвили, О.В. _eრედაქტორი _914956 |
||
| 942 |
_cBK _2udc |
||